000 00323nam a22001457a 4500
008 230613b ||||| |||| 00| 0 eng d
020 _a9780763718565
041 _aeng
080 _2FOURTH EDITION
_a61
082 _a61WAR
100 _a5
101 _aMJKP
245 _aVARNEY'S MIDWIFERY
_cWARNEY.H
942 _2udc
_cBK
999 _c59950
_d59950